Anciens noms des animaux - Statistiques

Statistiques générales
  • Ce quiz a été pris 283 fois
  • Le résultat moyen est 8 sur 15
Statistiques - réponses
Hint Réponse % Correct
Cocodrille Crocodile
94%
Liepart Léopard
88%
Olifant Éléphant
85%
Goupil Renard
80%
Leu Loup
78%
Gore Truie
58%
Poisson-cochon Marsouin
52%
Chat-huant Hibou
49%
Verdet Crapaud
36%
Jante Oie
34%
Moustoile Belette
33%
Cerge Biche
28%
Camélopard Girafe
27%
Geline Poule
26%
Bièvre Castor
15%
Aucun quiz correspondant
Distribution des résultats
% des personnes avec chaque résultat
Percentile par nombre de réponses
Votre historique - résultats
Vous n’avez pas pris ce quiz